MARC

LEADER 00000nam0a2200000 4500
001 367914
005 20231102012030.0
035 |a (RuTPU)RU\TPU\retro\25277 
090 |a 367914 
100 |a 20220325d1980 m y0rusy50 ca 
101 0 |a rus 
102 |a RU 
105 |a a z 001zy 
200 1 |a Кремль. Путями истории - дорогами искусства  |f Н. М. Молева 
210 |a Москва  |c Московский рабочий  |d 1980 
215 |a 240 с.  |c ил. 
320 |a Указатель основных исторических объектов Кремля: с. 237-239 
606 1 |a Архитектурные памятники городов  |x История  |2 stltpush  |3 (RuTPU)RU\TPU\subj\29494  |9 52809 
610 1 |a Кремль 
610 1 |a русское искусство 
610 1 |a реставрационные работы 
610 1 |a археологические открытия 
610 1 |a Москва 
675 |a 711.424  |v 3 
700 1 |a Молева  |b Н. М.  |g Нина Михайловна 
801 1 |a RU  |b 63413507  |c 20220325 
801 2 |a RU  |b 63413507  |c 20220325  |g RCR 
942 |c BK